000 00414 a2200145 4500
005 20250523124846.0
020 _a0 7121 1964 7
082 _a658.72 COM
100 _aCOMPTON, H. K.
245 _aSupplies and Management: A Textbook for Purchasing and Supply.
250 _a2nd Ed.
260 _aLondon,
_bMacDonald and Evans,
_c1979.
300 _axxiii, 488p.: ill.; figure, table
_bIndex
_c22cm
942 _2ddc
_cBKS
999 _c2567
_d2567